[Event "CZE-ch Betsys Online Blitz"]
[Site "Chess.com INT"]
[Date "2021.04.17"]
[Round "4"]
[White "Varga, Hynek"]
[Black "Kusova, Nikola"]
[Result "0-1"]
[WhiteElo "1514"]
[BlackElo "1339"]
[PlyCount "40"]
[EventDate "2021.04.17"]
[EventType "swiss (blitz)"]
[EventRounds "13"]
[EventCountry "CZE"]
[SourceTitle "CBM 201 Extra"]
[Source "ChessBase"]
[SourceDate "2021.05.31"]
[SourceVersion "1"]
[SourceVersionDate "2021.05.31"]
[SourceQuality "1"]

1. d4 d5 2. Nf3 Nc6 3. e3 Bf5 4. c4 e6 5. Nc3 Nf6 6. Bd3 Bg6 7. 0-0 Bd6 8. c5 Bxd3 9. Qxd3 Bxh2+ 10. Nxh2 0-0 11. f4 b6 12. e4 dxe4 13. Nxe4 Nb4 14. Nxf6+ gxf6 15. Qg3+ Kh8 16. f5 Nc2 17. Bh6 Rg8 18. Qf4 Nxa1 19. Rxa1 Qd5 20. fxe6 Qxg2# 0-1

[Event "CZE-ch Betsys Online Blitz"]
[Site "Chess.com INT"]
[Date "2021.04.17"]
[Round "5"]
[White "Varga, Hynek"]
[Black "Vojtek, Pavel"]
[Result "1/2-1/2"]
[WhiteElo "1514"]
[BlackElo "1511"]
[PlyCount "65"]
[EventDate "2021.04.17"]
[EventType "swiss (blitz)"]
[EventRounds "13"]
[EventCountry "CZE"]
[SourceTitle "CBM 201 Extra"]
[Source "ChessBase"]
[SourceDate "2021.05.31"]
[SourceVersion "1"]
[SourceVersionDate "2021.05.31"]
[SourceQuality "1"]

1. e4 e6 2. d4 d5 3. e5 c5 4. Nf3 Qb6 5. b3 Nc6 6. Bb2 Bd7 7. c3 cxd4 8. cxd4 Bb4+ 9. Nbd2 Nh6 10. Be2 Nf5 11. a3 Be7 12. Nb1 f6 13. exf6 Bxf6 14. 0-0 Nfxd4 15. Nxd4 Nxd4 16. Bh5+ g6 17. Bg4 h5 18. Bh3 Rf8 19. g3 Qxb3 20. Bxd4 Qxd1 21. Rxd1 e5 22. Bxd7+ Kxd7 23. Bb2 Ke6 24. Nd2 e4 25. Bxf6 Rxf6 26. Nb3 Raf8 27. Ra2 b6 28. Rc2 Kd6 29. Nd4 Ke5 30. Nc6+ Kd6 31. Nd4 Ke5 32. Nc6+ Kd6 33. Nd4 1/2-1/2